=LDR 00000nam 2200000 4500 =001 INLIS000000000046279 =005 20150306094439.0 =006 =007 =008 =020 ##$$a 978-602-17966-0-3 =035 ##$$0010-031500000000051 =040 ##$$a NBPDMAT =082 ##$$a 658.805 98 =090 ##$$a 658.805 98 $b Men m =100 ##$$a [at al] =245 ##$$a Menguak Pasar Tradisional $c Editor, Diah Harianti [et a] =250 ##$$a Cet. 1 =260 ##$$a Jakarta $b Pendidikan dan Kebudayaan $c 2013 =300 ##$$a 157 hlm.: $b ilus.; $c 29 cm =500 ##$$a Indeks : hlm. 149-156 =700 ##$$a Diah Harianti =990 ##$$a 0001/BPAP-NTB/20142015